| 000 | 00962nam a2200289Ia 4500 | ||
|---|---|---|---|
| 005 | 20210727153051.0 | ||
| 008 | 121119s1992 ck a gr 000 f spa | ||
| 020 | _a9586332225 | ||
| 041 | 1 | _aspa | |
| 100 | 1 |
_aDefoe, Daniel _d1660-1731 |
|
| 245 | 1 | 0 |
_aRobinson Crusoe _cDaniel Defoe ; ilustraciones, J. J. Grandville ; traducción, Martha Eguia ; apéndice, Emilio Pascual |
| 250 | _aPrimera edición | ||
| 300 |
_a328 páginas _bilustraciones _c19 cm |
||
| 650 | 1 | 4 |
_aNovela inglesa _2LEMB |
| 650 | 1 | 4 |
_aLiteratura inglesa _2LEMB |
| 650 | 1 | 4 |
_aHistoria de aventuras _2LEMB |
| 700 | 1 |
_aGrandville, J. J. _eilustrador |
|
| 700 | 1 |
_aEguia, Martha _dMartha _etraductor |
|
| 700 | 1 | _aPascual, Emilio | |
| 942 |
_2loc _cBKLIT |
||
| 264 |
_aBogotá _bRei andes _c1992 |
||
| 336 |
_atexto _btxt _2rdacontent |
||
| 337 |
_asin mediación _bn _2rdamedia |
||
| 338 |
_avolumen _bnc _2rdacarrier |
||
| 040 |
_aCO-BoRNBP _bspa _erda _cCO-BoRNBP |
||
| 084 | _aN DEF1 | ||
| 999 |
_c1797 _d1797 |
||